[Event "AUTO-ADV-4370"]
[Site "http://www.queenalice.com/game.php?id=1619726"]
[Date "2020.7.8"]
[Round "1"]
[White "CordeiroNeto"]
[Black "Torbencarlsen"]
[Result "0-1"]
[WhiteElo "1712"]
[BlackElo "2133"]

1. e4 c5 2. Nf3 Nc6 3. Bb5 e6 4. Bxc6 bxc6 5. Nc3 Qc7 6. O-O e5 7. d3 Be7 8. Bg5
Bxg5 9. Nxg5 h6 10. Nf3 Nf6 11. h3 O-O 12. Na4 d6 13. c4 Rb8 14. b3 Qe7 15. Nh4
Nh7 16. Nf3 f5 17. Re1 f4 18. Nc3 Be6 19. Na4 Bf7 20. Nh2 Ng5 21. Nf3 Bh5 22.
Rf1 Bxf3 23. gxf3 Qe6 24. Re1 Qxh3 25. Re2 Nxf3# 0-1

[Event "AUTO-ADV-4424"]
[Site "http://www.queenalice.com/game.php?id=1633455"]
[Date "2020.11.18"]
[Round "1"]
[White "jsiebel"]
[Black "CordeiroNeto"]
[Result "1-0"]
[WhiteElo "1463"]
[BlackElo "1674"]

1. e4 e5 2. d4 Nc6 3. d5 Nb4 4. a3 Na6 5. Bd3 Nc5 6. Nc3 a6 7. Nf3 Nf6 8. Nxe5
Bd6 9. f4 Bxe5 10. fxe5 Nxd3+ 11. cxd3 Ng8 12. Qf3 1-0

[Event "AUTO-ADV-4424"]
[Site "http://www.queenalice.com/game.php?id=1633456"]
[Date "2020.11.18"]
[Round "1"]
[White "CordeiroNeto"]
[Black "jsiebel"]
[Result "0-1"]
[WhiteElo "1650"]
[BlackElo "1487"]

1. e4 e5 2. d4 exd4 3. Qxd4 Nc6 4. Qd1 Nf6 5. Bd3 Ne5 6. f3 Bc5 7. Bf4 Bd4 8.
Bxe5 Bxe5 9. c3 O-O 10. Ne2 d5 11. Nd2 c5 0-1

[Event "AUTO-ADV-4424"]
[Site "http://www.queenalice.com/game.php?id=1633463"]
[Date "2020.11.18"]
[Round "1"]
[White "worldwide"]
[Black "CordeiroNeto"]
[Result "1-0"]
[WhiteElo "1907"]
[BlackElo "1614"]

1. e4 e5 2. g3 d5 3. exd5 Qxd5 4. Nf3 Nc6 5. Nc3 Qd7 6. Bg2 Bb4 7. Ne4 Nge7 8.
O-O O-O 9. c3 Bd6 10. Nxd6 cxd6 11. b4 Nf5 12. a4 1-0

[Event "AUTO-ADV-4424"]
[Site "http://www.queenalice.com/game.php?id=1633464"]
[Date "2020.11.18"]
[Round "1"]
[White "CordeiroNeto"]
[Black "worldwide"]
[Result "0-1"]
[WhiteElo "1610"]
[BlackElo "1911"]

1. e4 e5 2. Nf3 Nc6 3. d4 exd4 4. Nxd4 Nge7 5. Bg5 f6 6. Bf4 g5 7. Bg3 h5 8. h4
g4 9. Nc3 Nxd4 10. Qxd4 Bg7 11. Nb5 d6 0-1

[Event "AUTO-INT-3647"]
[Site "http://www.queenalice.com/game.php?id=1645694"]
[Date "2021.3.5"]
[Round "1"]
[White "deathbydixxon"]
[Black "CordeiroNeto"]
[Result "0-1"]
[WhiteElo "1723"]
[BlackElo "1655"]

1. e4 e5 2. Nf3 d6 3. h3 Nc6 4. d4 a6 5. d5 Nce7 6. c4 c5 7. Bd2 Nh6 8. Bxh6
gxh6 9. Nc3 Bd7 10. a3 Qb6 11. b3 Qc7 12. Bd3 O-O-O 13. b4 Ng6 14. b5 a5 15. Nh4
Nxh4 16. g3 Ng6 17. Qf3 Be8 18. O-O Be7 19. Qh5 Bf8 20. Ne2 b6 21. f4 f6 22. f5
Nf4 23. Qf3 Nxh3+ 24. Kg2 Ng5 25. Qg4 Qf7 26. Rh1 h5 27. Qh4 Qg7 28. Rh2 Qh6 29.
g4 Rg8 30. Ng3 Qg7 31. Nxh5 Bxh5 32. Kh1 Nf3 33. Qxh5 Nxh2 34. Qxh2 Qxg4 35. Ra2
Qd1+ 0-1

[Event "AUTO-INT-3647"]
[Site "http://www.queenalice.com/game.php?id=1645695"]
[Date "2021.3.5"]
[Round "1"]
[White "CordeiroNeto"]
[Black "deathbydixxon"]
[Result "0-1"]
[WhiteElo "1674"]
[BlackElo "1704"]

1. e4 e5 2. Nf3 Nc6 3. Nc3 Bb4 4. a3 Bxc3 5. dxc3 h6 6. Bb5 d6 7. Bxc6+ bxc6 8.
O-O Nf6 9. Re1 Bb7 10. b4 O-O 11. Be3 Nxe4 12. Qd3 d5 13. Nxe5 Re8 14. Ng4 a5
15. f3 Ba6 16. Qd4 Ng5 17. Bxg5 Qxg5 18. Re5 Rxe5 19. Qxe5 Qd2 20. Ne3 Kf8 21.
h3 Re8 22. Nf1 Bxf1 23. Qg3 Bc4 24. Qf2 Qxf2+ 25. Kxf2 Re2+ 26. Kg3 Rxc2 27. Re1
Rxc3 28. Kf4 Rxa3 29. Re3 Rxe3 30. Kxe3 axb4 31. Kd2 Ke7 32. Kc2 b3+ 33. Kc3 Ke6
34. g3 f5 35. f4 g5 36. Kb2 gxf4 37. gxf4 d4 38. h4 d3 39. Kc1 Kd5 40. h5 Ke4
41. Kb1 Kxf4 42. Kc1 Ke3 43. Kd1 b2 44. Ke1 b1=Q# 0-1

[Event "AUTO-INT-3647"]
[Site "http://www.queenalice.com/game.php?id=1645708"]
[Date "2021.3.5"]
[Round "1"]
[White "CordeiroNeto"]
[Black "Elcid"]
[Result "0-1"]
[WhiteElo "1680"]
[BlackElo "1715"]

1. e4 c5 2. d4 cxd4 3. Qxd4 Nc6 4. Qe3 Nf6 5. h3 g6 6. Nc3 d5 7. a3 d4 8. Qf3
dxc3 9. Qxc3 Nxe4 10. Qxh8 Qb6 11. Be3 Qa5+ 12. b4 Qe5 13. Qxe5 Nxe5 14. Bb5+
Nd7 15. f3 Nc3 16. Bxd7+ Bxd7 17. Bd4 Nd5 18. c4 Nc7 19. g4 Ne6 20. Rd1 Ba4 21.
Rd3 Rd8 22. Ne2 Bc6 23. Kf2 Nxd4 24. Rxd4 Rc8 25. Rhd1 Bg7 26. R4d3 Ba4 27. Rc1
Bb2 28. Rb1 Bc2 29. Rxb2 Bxd3 30. c5 e5 31. Rd2 Bxe2 32. Kxe2 Rc6 33. Ke3 Ke7
34. Ke4 f6 35. a4 b6 36. Rd5 bxc5 37. Rxc5 Kd6 38. Rd5+ Ke6 39. Rc5 f5+ 40. Ke3
Kd6 41. Ra5 a6 42. b5 Rc3+ 43. Kf2 axb5 44. Rxb5 Ra3 45. Ra5 Ra2+ 46. Kg3 Ra3
47. Kg2 f4 48. h4 Ra2+ 49. Kh3 Rf2 50. g5 Rxf3+ 51. Kg2 Ra3 52. Kf2 Rh3 53. Rb5
Rxh4 54. a5 Rh2+ 55. Kf3 Ra2 56. Ke4 Ra4+ 57. Kf3 Ra3+ 58. Ke4 f3 59. Rd5+ Kc6
60. Rxe5 f2 61. Re6+ Kd7 0-1

[Event "AUTO-INT-3647"]
[Site "http://www.queenalice.com/game.php?id=1645709"]
[Date "2021.3.5"]
[Round "1"]
[White "Elcid"]
[Black "CordeiroNeto"]
[Result "1-0"]
[WhiteElo "1730"]
[BlackElo "1665"]

1. d4 d5 2. Bf4 Nc6 3. e3 Nf6 4. Nf3 h6 5. h3 Bf5 6. c3 e6 7. Nbd2 Bd6 8. Ne5
Bxe5 9. dxe5 Nd7 10. Be2 Nc5 11. O-O Qh4 12. Nf3 Qe7 13. Rc1 O-O-O 14. b4 Nd7
15. a4 a5 16. b5 Na7 17. Nd4 g5 18. Bh2 c5 19. Nxf5 exf5 20. Qxd5 Nb6 21. Qa2
Rd7 22. Bh5 Rhd8 23. Rfd1 Rxd1+ 24. Rxd1 c4 25. Rxd8+ Kxd8 26. Qd2+ Kc8 27. Qd4
Qe6 28. f4 Kb8 29. Kh1 Nxa4 30. Qd8+ Nc8 31. Qxa5 Ncb6 32. Bg1 f6 33. exf6 Qxf6
34. Bf3 Qxc3 35. Qxc3 Nxc3 36. fxg5 hxg5 37. Bh2+ Kc8 38. Be5 Nd7 39. Bxc3 Nc5
40. Bf6 f4 41. e4 Ne6 42. Bg4 Kd7 43. Bxe6+ Kxe6 44. Bxg5 Ke5 45. g3 fxg3 46.
Kg2 c3 47. Kxg3 Kxe4 48. h4 Kf5 49. Bf4 Ke4 50. h5 Kf5 51. h6 Kg6 52. Kg4 b6 53.
Kf3 Kh7 54. Ke4 Kg6 55. Kd3 c2 56. Kxc2 Kh7 57. Kc3 Kg6 58. Kd4 Kh7 59. Kd5 1-0

[Event "AUTO-ADV-4472"]
[Site "http://www.queenalice.com/game.php?id=1645791"]
[Date "2021.3.6"]
[Round "1"]
[White "CordeiroNeto"]
[Black "anax"]
[Result "1-0"]
[WhiteElo "1630"]
[BlackElo "1863"]

1. e4 e5 2. Nf3 d6 3. h3 h6 4. Bc4 Nc6 5. d4 Nf6 6. Nc3 a6 7. d5 Na5 8. Qe2 c6
9. dxc6 Nxc6 10. Be3 b5 11. Bd5 Bd7 12. a3 Rc8 13. O-O Qe7 14. Na2 Nxd5 15. exd5
Nb8 16. Nc3 f5 17. Rad1 g5 18. Bd2 g4 19. hxg4 fxg4 20. Nh2 h5 21. f4 Bg7 22.
Rfe1 g3 23. Nf3 Bg4 24. Qe3 Nd7 25. Ne4 h4 26. Nf2 gxf2+ 27. Kxf2 Nf6 28. Rh1
Nxd5 29. Qe4 Qe6 30. Rc1 Bf5 31. Qe2 Bg4 32. Qe4 Rc4 33. Qe2 Nxf4 34. Bxf4 Rxf4
35. Qe3 Bf6 36. Rcd1 Ke7 37. Qa7+ Kf8 38. Qxa6 e4 39. Rxd6 Bd4+ 40. Kf1 Qc4+ 41.
Ke1 exf3 42. Rd8+ 1-0

[Event "AUTO-ADV-4472"]
[Site "http://www.queenalice.com/game.php?id=1645792"]
[Date "2021.3.6"]
[Round "1"]
[White "anax"]
[Black "CordeiroNeto"]
[Result "1-0"]
[WhiteElo "1891"]
[BlackElo "1606"]

1. d4 d5 2. e3 Nc6 3. a3 Nf6 4. Nc3 Bf5 5. h3 e6 6. Nf3 h6 7. Bd3 Ne7 8. Ne5 a6
9. Qe2 Qd6 10. Bd2 Bxd3 11. Qxd3 Nc6 12. Nf3 O-O-O 13. b4 g6 14. b5 Na7 15. bxa6
bxa6 16. Ne5 Rh7 17. a4 Nd7 18. Nxd7 Qxd7 19. Qxa6+ Kb8 20. Rb1+ Ka8 21. Qb7#
1-0

[Event "AUTO-ADV-4472"]
[Site "http://www.queenalice.com/game.php?id=1645793"]
[Date "2021.3.6"]
[Round "1"]
[White "CordeiroNeto"]
[Black "Givanildo"]
[Result "1-0"]
[WhiteElo "1613"]
[BlackElo "1627"]

1. e4 e5 2. Nf3 Bc5 3. d4 exd4 4. Nxd4 a6 5. Nc3 d6 6. f3 h6 7. Nb3 Bb4 8. Bd2
Be6 9. Nd4 Bd7 10. a3 Bc5 11. Nb3 Bb6 12. Nd5 Ba7 13. Na5 Qh4+ 14. g3 Qh5 15.
Nxc7+ Kf8 16. Nxa8 b6 17. Nc4 Bc6 18. Naxb6 Ne7 19. Qe2 Qc5 20. Nd5 Bxd5 21.
exd5 Nxd5 22. O-O-O g5 23. Re1 Kg7 24. b4 Qd4 25. Nb2 Qf6 26. c4 Nf4 27. gxf4
Nc6 28. Be3 Bd4 29. Bxd4 Nxd4 30. Qd3 Qxf4+ 31. Kb1 Nxf3 32. Re2 Ne5 33. Qe4 Qf6
34. Bh3 g4 35. Bxg4 Nxg4 36. Qxg4+ Kh7 37. Rg2 Qg6+ 38. Qxg6+ fxg6 39. Rhg1 g5
40. h4 Rg8 41. hxg5 h5 42. Rf1 Rg7 43. Rf6 h4 44. Rh6+ Kg8 45. g6 Rxg6 46.
Rgxg6+ Kf7 47. Rxd6 Ke7 48. Rxa6 1-0

[Event "AUTO-ADV-4472"]
[Site "http://www.queenalice.com/game.php?id=1645794"]
[Date "2021.3.6"]
[Round "1"]
[White "Givanildo"]
[Black "CordeiroNeto"]
[Result "1-0"]
[WhiteElo "1614"]
[BlackElo "1601"]

1. d4 d5 2. Bf4 Nc6 3. e3 e6 4. Bb5 Bd7 5. Ne2 a6 6. Ba4 Na5 7. Bxd7+ Qxd7 8.
O-O Bd6 9. a3 O-O-O 10. b4 Nc4 11. Ra2 Nh6 12. Ng3 Bxf4 13. exf4 f5 14. c3 Ng4
15. Nd2 Qc6 16. a4 Nxd2 17. Qxd2 g6 18. Qe2 Rde8 19. h3 Nf6 20. c4 dxc4 21. b5
Qd6 22. Qxc4 Rd8 23. a5 Nd5 24. b6 Kb8 25. Rc2 c6 26. Qc5 Nxf4 27. Qxd6+ Rxd6
28. Rd1 Rhd8 29. d5 Rxd5 30. Ra1 Rd1+ 31. Rxd1 Rxd1+ 32. Kh2 Nd3 33. Rc4 Nxf2
34. Rf4 Rh1+ 35. Nxh1 Nd3 36. Rd4 Nc5 37. Rd8# 1-0

[Event "AUTO-ADV-4472"]
[Site "http://www.queenalice.com/game.php?id=1645795"]
[Date "2021.3.6"]
[Round "1"]
[White "CordeiroNeto"]
[Black "NickThorp"]
[Result "1-0"]
[WhiteElo "1586"]
[BlackElo "1561"]

1. e4 e5 2. Nf3 Nc6 3. Nc3 Bb4 4. a3 Ba5 5. Bc4 Bxc3 6. dxc3 d6 7. h3 Nge7 8.
O-O Ng6 9. Ng5 Nf4 10. Nxf7 Qf6 11. Nxh8 Be6 12. Bxe6 Nxe6 13. Qh5+ Ke7 14. Qxh7
Nf8 15. Qh5 g6 16. Nxg6+ Nxg6 17. Bg5 Qxg5 18. Qxg5+ Kf7 19. Rad1 Rf8 20. b4 b5
21. f4 exf4 22. Qd5+ Ke7 23. Qxc6 Kd8 24. Qa8+ Ke7 25. Qxa7 Ke6 26. Qxc7 Ke5 27.
Qxd6+ Kxe4 28. Qxg6+ Ke3 29. Qd3# 1-0

[Event "AUTO-ADV-4472"]
[Site "http://www.queenalice.com/game.php?id=1645796"]
[Date "2021.3.6"]
[Round "1"]
[White "NickThorp"]
[Black "CordeiroNeto"]
[Result "1/2-1/2"]
[WhiteElo "1562"]
[BlackElo "1615"]

1. e4 e5 2. Nf3 Nc6 3. Bb5 f6 4. d3 a6 5. Ba4 Bc5 6. O-O d6 7. Nc3 Bd7 8. Nd5
Nge7 9. Nxe7 Qxe7 10. a3 O-O-O 11. b4 Bb6 12. c4 Bd4 13. Nxd4 Nxd4 14. Bxd7+
Qxd7 15. Be3 g5 16. Bxd4 exd4 17. a4 c5 18. b5 a5 19. Qf3 Rdf8 20. h3 h5 21. Qe2
h4 22. Rab1 b6 23. Qf3 Rh7 24. Qf5 Qxf5 25. exf5 Re8 26. Rfe1 Rhe7 27. Rxe7 Rxe7
28. Kf1 Re5 29. Re1 Kd7 30. Rxe5 dxe5 31. Ke2 Kd6 1/2-1/2

[Event "AUTO-ADV-4494"]
[Site "http://www.queenalice.com/game.php?id=1758715"]
[Date "2021.5.5"]
[Round "1"]
[White "MarcosT"]
[Black "CordeiroNeto"]
[Result "1-0"]
[WhiteElo "1940"]
[BlackElo "1677"]

1. e4 e5 2. Nf3 Nc6 3. d4 exd4 4. Bc4 h6 5. O-O Nf6 6. e5 Ne4 7. Nxd4 Nxe5 8.
Re1 d5 9. Bb3 Bd6 10. Bxd5 Nc5 11. f4 Qf6 12. Nf3 Bg4 13. fxe5 Bxe5 14. Bxf7+
Kxf7 15. Qd5+ Ne6 16. Nxe5+ Kg8 17. Nxg4 Qg6 18. Qxe6+ Qxe6 19. Rxe6 Kh7 20. Bd2
Rad8 21. a4 Rhf8 22. Ra3 b6 23. Rh3 Kg8 24. Nxh6+ Kh7 25. Nf7+ Kg8 26. Nxd8 Rxd8
27. Re7 Rf8 28. Bc3 Rf7 29. Rh8+ Kxh8 30. Rxf7 a5 31. Rxg7 c5 32. Rb7+ Kg8 33.
h4 c4 34. h5 b5 35. axb5 a4 36. h6 a3 37. h7+ Kf8 38. h8=R# 1-0

[Event "AUTO-ADV-4494"]
[Site "http://www.queenalice.com/game.php?id=1758716"]
[Date "2021.5.5"]
[Round "1"]
[White "CordeiroNeto"]
[Black "MarcosT"]
[Result "1-0"]
[WhiteElo "1672"]
[BlackElo "1995"]

1. e4 c5 2. Nf3 d6 3. h3 Nc6 4. Nc3 e5 5. Bb5 Nf6 6. Bxc6+ bxc6 7. d3 Be7 8. O-O
O-O 9. Bg5 Bb7 10. Bxf6 Bxf6 11. Nd2 d5 12. Na4 Qa5 13. b3 c4 14. dxc4 dxe4 15.
Nxe4 Be7 16. Qf3 f5 17. Nec3 e4 18. Qe3 Bf6 19. Rfd1 f4 20. Qe1 c5 21. Rab1 Bc6
22. Rd6 Rac8 23. Nxe4 Qxe1+ 24. Rxe1 Bxa4 25. bxa4 Be7 26. Rd5 Rfd8 27. Red1
Rxd5 28. Rxd5 a5 29. f3 Rb8 30. Nc3 Bf6 31. Nb5 Re8 32. Rxc5 Re1+ 33. Kh2 Bh4
34. Rc8+ Kf7 35. Nd6+ Kg6 36. Ne4 h6 37. Rc6+ Kh7 38. Rc5 Rc1 39. c3 Ra1 40.
Rxa5 Rxa2 41. c5 Bd8 42. Ra8 Bh4 43. c6 1-0

[Event "AUTO-ADV-4494"]
[Site "http://www.queenalice.com/game.php?id=1758727"]
[Date "2021.5.5"]
[Round "1"]
[White "Boeing"]
[Black "CordeiroNeto"]
[Result "1-0"]
[WhiteElo "1824"]
[BlackElo "1691"]

1. e4 e5 2. Qh5 Qf6 3. Nc3 c6 4. Nf3 d6 5. d4 exd4 6. Bg5 Qg6 7. Qxg6 hxg6 8.
Nxd4 Nh6 9. Bxh6 gxh6 10. O-O-O c5 11. Ndb5 Na6 12. Nxd6+ Bxd6 13. Rxd6 O-O 14.
Bxa6 bxa6 15. Nd5 Rb8 16. Ne7+ Kg7 17. Nxc8 Rbxc8 18. Rxa6 Rc7 19. c4 Rd8 20. e5
Rd4 21. b3 Re4 22. Rd1 Rxe5 23. f4 Re2 24. Rd2 Rce7 25. Rxe2 Rxe2 26. Rxa7 Rxg2
27. Rc7 Rxa2 28. h4 Rh2 29. Rxc5 Rxh4 30. b4 Rxf4 31. b5 Rd4 32. b6 Rd8 33. b7
Rb8 34. Rc7 h5 35. c5 Kf6 36. c6 Ke6 37. Rc8 Kd6 38. Rxb8 Kxc6 39. Rf8 1-0

[Event "AUTO-ADV-4494"]
[Site "http://www.queenalice.com/game.php?id=1758728"]
[Date "2021.5.5"]
[Round "1"]
[White "CordeiroNeto"]
[Black "Boeing"]
[Result "0-1"]
[WhiteElo "1703"]
[BlackElo "1810"]

1. e4 e5 2. Nf3 d6 3. Nc3 c6 4. Bc4 Nf6 5. Ng5 d5 6. exd5 cxd5 7. Bb3 h6 8. Nf3
Bg4 9. h3 Bxf3 10. Qxf3 e4 11. Qe2 Nc6 12. Qe3 d4 13. Qe2 dxc3 14. dxc3 Bc5 15.
O-O O-O 16. Be3 Bxe3 17. Qxe3 Re8 18. Rad1 Qc7 19. Rd2 Rad8 20. Rfd1 Rxd2 21.
Rxd2 g5 22. Bd5 Ne5 23. b3 a5 24. Bxe4 Nxe4 25. Qxe4 Qxc3 26. Qd5 Qa1+ 27. Kh2
h5 28. a4 g4 29. h4 g3+ 30. Kxg3 Qc3+ 31. Kh2 Ng4+ 32. Kg1 Re1# 0-1

[Event "AUTO-ADV-4494"]
[Site "http://www.queenalice.com/game.php?id=1758735"]
[Date "2021.5.5"]
[Round "1"]
[White "CordeiroNeto"]
[Black "fabricioprado"]
[Result "1/2-1/2"]
[WhiteElo "1701"]
[BlackElo "1742"]

1. e4 c5 2. Nf3 d6 3. Bb5+ Bd7 4. Bxd7+ Qxd7 5. d4 cxd4 6. Nxd4 Nf6 7. Nc3 e5 8.
Nf5 g6 9. Ng3 Bg7 10. O-O O-O 11. h3 Nc6 12. a3 a6 13. Be3 Qc7 14. b4 Rad8 15.
Nd5 Nxd5 16. Qxd5 Ne7 17. Qd2 d5 18. Qd3 d4 19. Bd2 f5 20. exf5 Nxf5 21. Nxf5
Rxf5 22. Rac1 Rdf8 23. f3 b5 24. c4 bxc4 25. Rxc4 Qb7 26. Rc5 e4 27. Qb3+ Kh8
28. Rxf5 Rxf5 29. fxe4 Qxe4 30. Rxf5 Qxf5 31. Qc4 Qf6 32. Bg5 Qd6 33. Qf7 Qf8
34. Qb7 h6 35. Be7 Qe8 36. Bh4 Qe6 37. Qa8+ Kh7 38. Qf3 Qe3+ 39. Qxe3 dxe3 40.
Be1 Bb2 41. a4 Bd4 42. Kf1 g5 43. g4 Kg6 44. Ke2 Kf6 45. Kd3 Ke5 46. Bg3+ Kd5
47. h4 Bb6 48. Be1 Ba7 49. h5 Bb6 50. a5 Ba7 51. Bc3 e2 52. Kxe2 Ke4 53. Bg7 Kf4
54. Bxh6 Kxg4 55. Kd3 Kxh5 56. Bg7 g4 57. Be5 Kh4 58. Kc4 g3 59. Bxg3+ Kxg3 60.
b5 axb5+ 61. Kxb5 Kf4 1/2-1/2

[Event "AUTO-ADV-4494"]
[Site "http://www.queenalice.com/game.php?id=1758736"]
[Date "2021.5.5"]
[Round "1"]
[White "fabricioprado"]
[Black "CordeiroNeto"]
[Result "0-1"]
[WhiteElo "1698"]
[BlackElo "1659"]

1. e4 e5 2. Nf3 Nc6 3. Bc4 h6 4. O-O Nf6 5. d3 d5 6. exd5 Nxd5 7. Bxd5 Qxd5 8.
Nc3 Qe6 9. Be3 Bb4 10. a3 Bxc3 11. bxc3 O-O 12. c4 e4 13. Ne1 Re8 14. d4 Qxc4
15. Qd2 b6 16. c3 Qe6 17. Nc2 Qg6 18. f4 f5 19. Nb4 a5 20. Nd5 Qd6 21. Nxc7 Qxc7
22. d5 Rd8 23. Rfd1 Be6 24. c4 Bf7 25. Qc2 Nb8 26. Rdb1 Ra6 27. Rb5 Nd7 28. Rd1
Nf6 29. Rdb1 Nxd5 30. Qb3 Nxe3 31. Rxb6 Rxb6 32. Qxb6 Qxb6 33. Rxb6 Nxc4 0-1